El despido colectivo y las medidas de suspensión y reducción temporal de jornada
Guardat en:
| Autor principal: | |
|---|---|
| Format: | Llibre |
| Idioma: | espanyol |
| Publicat: |
Pamplona
Aranzadi
2013
|
| Edició: | 1a. ed |
| Matèries: | |
| Etiquetes: |
Afegir etiqueta
Sense etiquetes, Sigues el primer a etiquetar aquest registre!
|
MARC
| LEADER | 00000cam a2200000 a 4500 | ||
|---|---|---|---|
| 001 | UCE4092 | ||
| 003 | CL-VaPUC | ||
| 008 | 141009e20130000sp |||||||||||||||||spa|d | ||
| 020 | |a 9788490144237 | ||
| 082 | 0 | 4 | |a 344.018 |b PER |2 21 |
| 100 | 0 | |a Pérez Capitán, Luis |e author |9 576661 | |
| 245 | 1 | 3 | |a El despido colectivo y las medidas de suspensión y reducción temporal de jornada |
| 250 | |a 1a. ed | ||
| 300 | |a 285 p | ||
| 942 | |c BK | ||
| 945 | |d 20141009 14:36:00 |a arojas | ||
| 260 | |a Pamplona |b Aranzadi |c 2013 | ||
| 650 | 0 | |a Contratos de trabajo |9 254966 | |
| 650 | 0 | |a Despido de empleados |9 254967 | |
| 650 | 7 | |a DESPIDO COLECTIVO |2 CL-VaPUC |9 576662 | |
| 583 | |a last modification |c 20141009 14:36:00 |k Rodrigo Vera | ||
| 999 | |c 357169 |d 357167 | ||
| 952 | |0 0 |1 0 |3 erb |4 0 |6 344_018000000000000_PER_2013 |7 0 |8 A |9 464992 |a BIBDER |b BIBDER |i 5117860 |o 344.018 PER 2013 |p 5117860 |r 2023-01-25 |w 2019-11-23 |y BK |z Catalogado en:20141009 |k DER | ||